Interpersonal communication

Bibliographic Details
Main Author: Hartley, Peter
Format: Book
Published: London : Rouledge , 1999
Edition:2nd ed.
Subjects:

MARC

LEADER 00000cam a2200000 7i4500
001 0000011665
005 20050614.0
020 |a 0415181070 
040 |a INS 
090 0 0 |a BF637.L45.   |b H35 1999 
100 1 |a Hartley, Peter 
245 1 0 |a Interpersonal communication   |c Peter Hartley 
250 |a 2nd ed. 
260 |a London :   |b Rouledge ,   |c 1999 
650 0 0 |a Interpersonal communication 
999 |a 0000008752   |b BOOK   |c Open Shelf   |e Default branch